A kognitív tudomány lehetőségéről és határairól
Elmentve itt :
| Szerző: | |
|---|---|
| Adatforrás: | Philobibl |
| Forrásdokumentuma: | Világosság 47.2006:3. 59-65. p. |
| Dokumentumtípus: | Cikk |
| Nyelv: | magyar |
| Kulcsszavak: | megismerés tudományelmélet tudás |
| Megjelent: |
2006
|
| LEADER | 00417nab a2200145 c 4500 | ||
|---|---|---|---|
| 001 | bibPHI0030894 | ||
| 005 | 20200924122754.9 | ||
| 008 | 070622s2006 xx hun | ||
| 100 | 1 | |a Margitay Tihamér | |
| 245 | 1 | 2 | |a A kognitív tudomány lehetőségéről és határairól |c Margitay Tihamér |
| 260 | |c 2006 | ||
| 695 | |a megismerés | ||
| 695 | |a tudományelmélet | ||
| 695 | |a tudás | ||
| 773 | 0 | |t Világosság |g 47.2006:3. 59-65. p. | |